Представление документа в формате MARC21

Поле Инд. ПП Название Значение
Тип записи a
Библиографический уровень m
001 Контрольный номер RU/IS/BASE/308152026
005 Дата корректировки 20251202124444.9
020 c Цена, тираж 2 р. 50 к.
040 b Код языка каталог. rus
e Правила каталог. PSBO
041 0_ a Код языка текста rus
090 a Полочн. индекс 532
x Авторский знак Ч-83
097 b Оператор *Ул*
b Оператор *Ст*
b Оператор *Ольга*
100 1_ a Автор Чугаев Р.Р.
245 10 a Заглавие Гидравлика
b Продолж. заглавия (техническая механика жидкости)
b Продолж. заглавия учебник для гидротехн. спец. вузов
b Продолж. заглавия в составе учебно-методического комплекса
250 a Основные сведения об издании 4-е изд., доп. и перераб.
260 a Место издания Л.
b Издательство Энергоиздат
c Дата издания 1982
300 a Объем 672 с.
b Иллюстрации/ тип воспроизводства ил.
440 _0 a Серия УМК-У
500 a Примечание Прил.: с. 637 - 652
a Примечание Предм. указ. : с. 653 - 661
516 8_ a Прим. о типе комп. файла/ данных Текст : непосредственный
520 0_ a Аннотация Учебник дополнен сведениями, необходимыми для выполнения расчетно-графических работ (справочные издания и т.п.), материалами практических (аудиторных) занятий, факультативными сведениями.
583 a Действие Приписка : текст
a Действие Ретро
a Действие Приписка : УМК
653 1_ a Ключевые слова Водосливы
a Ключевые слова Гидравлика
a Ключевые слова Гидродинамика
a Ключевые слова Гидростатика
a Ключевые слова Движение жидкости
a Ключевые слова Плотины
655 a Жанр/ форма (устаревшее) У
773 18 w Контрольный № источника 3892c6191c7f4d59b2ca289c2e5361e9
w Контрольный № источника 116919
w Контрольный № источника RU/IS/BASE/595524976
901 t Тип документа m
905 a Дата создания записи 06.10.09
a Дата создания записи 26.04.13
c Дата приписки 15.05.25
c Дата приписки 24.10.25
c Дата приписки RU/IS/BASE/595524976
952 b Гриф литературы для ВШ Гриф
a Тип литературы для КСУ ВШ У1
952 e Факультет *ФПИЭ*
990 c Приоритет заказа (DOS) о
g Размещение заказа (DOS) ретро
h N записи в КСУ для Б/У (DOS) 148/1982
h N записи в КСУ для Б/У (DOS) 1000/2014
j Количество экземпляров (DOS) 84